Statistics for ROCK In The USA

Click here to take the quiz!

General Stats

  • This quiz has been taken 38 times
  • The average score is 14 of 19

Answer Stats

LETTERAnswer% Correct
OOregon
91%
CColorado
88%
CConnecticut
88%
KKansas
88%
CCalifornia
85%
KKentucky
85%
OOhio
85%
OOklahoma
85%
RRhode Island
82%
RRaleigh
79%
OOklahoma City
76%
CColumbia
67%
CColumbus
67%
RRichmond
64%
CCheyenne
61%
OOlympia
61%
CCharleston
55%
CCarson City
52%
CConcord
48%

Score Distribution

Percentile by Number Answered

Percent of People with Each Score

Your Score History

You have not taken this quiz